Dano Drevo - všetky postavy (part 2) - Statistics

General Stats
  • This quiz has been taken 39 times
  • The average score is 8 of 16
Answer Stats
Picture Answer % Correct
Ctibor
75%
Maroš
75%
Rastislav Synek
75%
Robo Kazík
69%
Jerguš Gombit
63%
Matej Bubák
63%
Paťo Synek
63%
Pavúk Dávid
50%
Brigitte de Fecalie
44%
MUDr. Igor Patkáň
44%
Vasiľ
38%
Domino Kišpépi - Diskomiňo
31%
Zuzana de Merde
31%
Ištváň Farkaš
25%
profesorka McMlynarčíková
13%
Ondrej Golonka
0%
No matching quizzes found
Score Distribution
Percent of People with Each Score
Percentile by Number Answered
Your Score History
You have not taken this quiz